| Tag |
First Indicator |
Second Indicator |
Subfields |
| LEADER |
00000cam a2200000Ia 4500 |
| 001 |
in00001069224 |
| 005 |
20150929093003.0 |
| 008 |
841016s1984 txua s000 0 eng d |
| 029 |
1 |
|
|a NLGGC
|b 193639114
|
| 035 |
|
|
|a (OCoLC)ocm11271691
|
| 035 |
|
|
|a (OCoLC)11271691
|
| 040 |
|
|
|a IKM
|b eng
|c IKM
|d OCLCQ
|d OCLCG
|d OCLCQ
|d OCLCF
|d OCLCQ
|d TXA
|d UtOrBLW
|
| 043 |
|
|
|a n-us-tx
|
| 049 |
|
|
|a TXAM
|
| 086 |
|
|
|a Z TA245.7 B873 no.1478
|2 txdocs
|
| 100 |
1 |
|
|a Johnson, Jerral D.
|
| 245 |
1 |
0 |
|a Major oak diseases and their control /
|c Jerral D. Johnson and David N. Appel.
|
| 264 |
|
1 |
|a College Station, Tex. :
|b Texas Agricultural Extension Service, Texas A & M University System,
|c [1984]
|
| 300 |
|
|
|a 11 pages :
|b illustrations (some color) ;
|c 28 cm
|
| 336 |
|
|
|a text
|b txt
|2 rdacontent
|
| 337 |
|
|
|a unmediated
|b n
|2 rdamedia
|
| 338 |
|
|
|a volume
|b nc
|2 rdacarrier
|
| 490 |
1 |
|
|a B ;
|v 1478
|
| 500 |
|
|
|a Caption title.
|
| 500 |
|
|
|a "5-84."
|
| 500 |
|
|
|a "PP"
|
| 650 |
|
0 |
|a Oak
|x Diseases and pests
|z Texas.
|
| 650 |
|
7 |
|a Oak
|x Diseases and pests.
|2 fast
|0 (OCoLC)fst01042614
|
| 651 |
|
7 |
|a Texas.
|2 fast
|0 (OCoLC)fst01210336
|
| 653 |
|
|
|a Quercus
|a Gnomonia
|a Taphrina caerulescens
|a Hypoxylon atropunctatum
|a Ceratocystis fagacearum
|a plant diseases and disorders
|
| 700 |
1 |
|
|a Appel, David N.
|q (David Nye),
|d 1951-
|
| 710 |
2 |
|
|a Texas Agricultural Extension Service.
|
| 830 |
|
0 |
|a B (Texas Agricultural Extension Service) ;
|v 1478.
|
| 856 |
4 |
1 |
|z Also available via OAK Trust Digital Repository
|u http://oaktrust.library.tamu.edu/handle/1969.1/128866
|t 0
|
| 955 |
|
|
|b taeb128866
|
| 994 |
|
|
|a C0
|b TXA
|
| 949 |
|
|
|a updated
|b h
|c 2014/11/3
|e coplinger
|f 10:28:52 am
|
| 999 |
|
|
|a MARS
|
| 999 |
f |
f |
|s c034db0a-0e02-3c65-95e0-880de8b02f21
|i bac19ff1-d64a-32ab-a061-efe06c16f3d2
|t 0
|
| 952 |
f |
f |
|p normal
|a Texas A&M University
|b College Station
|c Sterling C. Evans Library
|d Evans: Texas Documents (Annex 5th floor)
|t 0
|e Z TA245.7 B873 no.1478
|h Superintendent of Documents classification
|i unmediated -- volume
|m A14837510172
|
| 998 |
f |
f |
|a Z TA245.7 B873 no.1478
|t 0
|l Evans: Texas Documents (Annex 5th floor)
|